عرض عادي
عرض مارك
- Language arts
مدخل مصطلح موضوعي
001 - رقم الضبط
- حقل الضبط: 5613
003 - معرف رقم الضبط
- حقل الضبط: OSt
005 - تاريخ ووقت أخر عملية
- حقل الضبط: 20111026174118.0
008 - عناصر بيانات ثابتة الطول
- حقل تحكم ثابت الطول: 111026|||a|||||| | ||| d
040 ## - مصدر الفهرسة
- هيئة الفهرسة الأصلية: OSt
- وكالة الكتابة: OSt
150 ## - مدخل-- مصطلح تاريخي
- عنصر مدخل المصطلح الموضوعي او الاسم الجغرافي: Language arts
- تفريع عام: Correlation with content subjects
- تفريع جغرافي: United States.
670 ## - بيانات المصدر موجوده
- الاستشهاد بالمصدر: Work cat.: (OSt)0: Ruddell, Martha Rapp. 5610, Teaching content reading and writing /, c2001.
